Design and Optimization of Wind/Solar/Biogas/Biomass hybrid system for rural areas of Pakistan / (Record no. 601809)

000 -LEADER
fixed length control field 00572nam a2200169Ia 4500
008 - FIXED-LENGTH DATA ELEMENTS--GENERAL INFORMATION
fixed length control field 230907s9999||||xx |||||||||||||| ||und||
082 ## - DEWEY DECIMAL CLASSIFICATION NUMBER
Classification number 621.3
Author Mark UME
100 ## - MAIN ENTRY--PERSONAL NAME
Personal name Muhammad Umer Khan (00000171319)
9 (RLIN) 116428
245 #0 - TITLE STATEMENT
Title Design and Optimization of Wind/Solar/Biogas/Biomass hybrid system for rural areas of Pakistan /
260 ## - PUBLICATION, DISTRIBUTION, ETC.
Place of publication, distribution, etc. USPCAS-E, NUST,
Name of publisher, distributor, etc. Islamabad :
Date of publication, distribution, etc. 2018
300 ## - PHYSICAL DESCRIPTION
Extent 112 p.
520 ## - SUMMARY, ETC.
Summary, etc. TH-130
650 ## - SUBJECT ADDED ENTRY--TOPICAL TERM
Topical term or geographic name entry element MS-EEP Thesis MS Thesis
700 ## - ADDED ENTRY--PERSONAL NAME
Personal name Dr. Muhammad Hassan
9 (RLIN) 117268
700 ## - ADDED ENTRY--PERSONAL NAME
Personal name Co-Supervisor : Engr. Rashid Wazir
9 (RLIN) 118027
942 ## - ADDED ENTRY ELEMENTS (KOHA)
Koha item type Thesis
Source of classification or shelving scheme
Holdings
Withdrawn status Lost status Source of classification or shelving scheme Damaged status Not for loan Permanent Location Current Location Date acquired Full call number Barcode Date last seen Price effective from Koha item type
          US-Pakistan Center for Advanced Studies in Energy (USPCAS-E) US-Pakistan Center for Advanced Studies in Energy (USPCAS-E) 10/17/2019 621.3 UME CAS-ETH0000130 09/12/2023 09/12/2023 Thesis
© 2023 Central Library, National University of Sciences and Technology. All Rights Reserved.